000 00828nam a2200265 i 4500
001 69074
003 ES-MaACL
005 20240418063109.0
007 t|
008 040908s2004 sp ||||1| spa d
020 _a84-350-0931-9
080 _a821.134.2-32"19"
080 _a398:58
100 1 _aPerucho, Joan,
_d1920-2003
_991415
245 1 0 _aTrilogía mágica /
_cJuan Perucho.
250 _a1ª ed. en Edhasa literaria.
260 _aBarcelona :
_bEdhasa,
_c2004.
300 _a563 p. :
_bil. ;
_c24 cm.
490 1 _aEdhasa literaria
505 8 _aContiene: Botánica oculta o el falso Paracelso ; Historias secretas de balnearios ; Bestiario fantástico
650 4 _aPlantas-
_xFolklore.
_916114
830 1 _aEdhasa literaria
_9230974
852 4 _aES-MaACL
_jL-28060
999 _c69074
_d69074